01229nam a2200241Ia 4500001000600000003000900006008004100015040001300056040001300069041001300082100001500095100002900110245006000139245005000199250001100249260000900260260002400269260004900293300005900342500052800401650002700929650003100956C7488IT-RoPAU130308s9999 xx 000 0 und d aIT-RoPAU cIT-RoPAU aITALIANO aNatta Enzo gCodice Aut. SPICS: 3252 a"Cinema francese: la ""nouvelle vague"" e i suoi eredi" bCapolavori raccontano un Secolo di Cinema (I) a1a ed. aALBA bPeriodici San Paolo c1994 [1° Ed.:1994 - Ed.Ling.Originale:1994] a"16 p. (prefazione: no ; testo: 16 [pagine: 181-196])" aPionieri della Novita': Chabrol, Truffaut, Godard, Rohmer e Altri si Cimentano Sul Nuovo Corso. Schede e Note Critiche dei Film: I 400 Colpi (1959) di Francois Truffaut, Hiroshima mon Amour (1959) di Alain Resnais, fino All'Ultimo respiro (1960) di Jean Luc Godard, Cleo Dalle 5 Alle 7 (1962) di Agnes Varda, Il Raggio verde (1986) di Eric Rohmer, Arrivederci ragazzi (1987)Di Louis Malle. Note su Godard, le stelle di Francia, Gerard Depardieu, Philippe Noiret. protagonisti del Nuovo Corso. Sullo schermo Trionfa L'Epica. aGENERI CINEMATOGRAFICI eCodice materia Spics: 6810